Checklist : réanimation médicale (Record no. 18249)
[ view plain ]
| 000 -LEADER | |
|---|---|
| fixed length control field | 00458 a2200217 4500 |
| 035 ## - SYSTEM CONTROL NUMBER | |
| System control number | 8461 |
| 035 ## - SYSTEM CONTROL NUMBER | |
| System control number | 8460 |
| 035 ## - SYSTEM CONTROL NUMBER | |
| System control number | 9263 |
| 100 ## - VEDETTE PRINCIPALE - NOM DE PERSONNE | |
| Personal name | Schuster, H.-P. |
| 260 ## - PUBLICATION, DISTRIBUTION, ETC. (IMPRINT) | |
| Place of publication, distribution, etc | Paris |
| 260 ## - PUBLICATION, DISTRIBUTION, ETC. (IMPRINT) | |
| Name of publisher, distributor, etc | Vigot |
| 245 ## - TITLE STATEMENT | |
| Title | Checklist : réanimation médicale |
| 260 ## - PUBLICATION, DISTRIBUTION, ETC. (IMPRINT) | |
| Date of publication, distribution, etc | 1997 |
| 300 ## - PHYSICAL DESCRIPTION | |
| Extent | 351 p. |
| 650 ## - SUBJECT ADDED ENTRY--TOPICAL TERM | |
| Topical term or geographic name as entry element | REANIMATION |
| 700 ## - ADDED ENTRY--PERSONAL NAME | |
| Personal name | Pop, T. |
| 700 ## - ADDED ENTRY--PERSONAL NAME | |
| Personal name | Welermann, S. |
| Withdrawn status | Lost status | Damaged status | Not for loan | Location (home branch) | Sublocation or collection (holding branch) | Date acquired | Koha issues (times borrowed) | Koha full call number | Koha date last seen | Price effective from | Koha item type |
|---|---|---|---|---|---|---|---|---|---|---|---|
| Bibliothèque Faculté des Sciences de la Santé | Bibliothèque Faculté des Sciences de la Santé | 27/02/2009 | WB 300 SCH | 27/02/2009 | 27/02/2009 | Livre |